LEADER 01294nam a2200289 i 4500 001 000000156692 003 CaOOAMICUS 005 20061212000000.0 008 061212s1974 it u000 u ita u 013 $a134047 040 $aSeMil$bita 100 1 $aChamisso, Adalbert : von <1781-1838>.$0(OLS)http://semarc/name/8777 245 13$aLa storia meravigliosa di Peter Schlemihl /$cAdalbert Von Chamisso ; traduzione di Lia Giugni Favia ; introduzione di Thomas Mann ; illustrazioni di Emil Preetorius. 260 $aMilano :$bSonzogno,$c1974. 300 $a144 p. :$bill. ;$c18 cm. 490 0 $aUniversale Sonzogno. Grandi romanzi ;$v3 500 $aFondo Ciprandi. 700 1 $aPreetorius, Emil.$0(OLS)http://semarc/name/61212 700 1 $aMann, Thomas,$d<1875-1955>.$0(OLS)http://semarc/name/1550 700 1 $aGiugni Favia, Lia.$0(OLS)http://semarc/name/61211 830 0$aUniversale Sonzogno. Grandi romanzi ;$v3.$0(OLS)http://semarc/title/22475 850 $aSeMil 852 $aSeMil$W1$xVenegono$y1$m1U I 26$j108441$B108441$CSeMilBibl$Z2$F118019 $81 941 1 $a1 961 $aOmaggio: Ciprandi dott. Paolo 996 $6245$aLa storia meravigliosa di Peter Schlemihl$9(OLS)http://semarc/title/229688 996 $6260$aMilano :$bSonzogno$9(OLS)http://semarc/publisher/31743 LEADER 01675nam a2200265 i 4500 001 000000226824 003 CaOOAMICUS 005 20140217000000.0 008 140217s1690 it u000 u mul u 013 $a205726 026 $aleme e-ar a.e. teIb (3) 1690 (R) 040 $aSeMil$bita 245 10$aIsaie traduit in françois. Avec une explication tirée des SS. Peres & des Auteurs ecclesiastiques. 260 $aSuivant la copie imprimée à Paris :$bChez Lambert Roulland imprimeur & libraire ord. de la Reyne, rue S. Jacques, en la maison d'Antoine Vitré ...,$c1690. 300 $a[28], 564, [20] p. ;$c12°. 500 $aTesto della Bibbia in latino a fronte. - Per il nome del traduttore Le Maistre, cfr. Copac. - Segn. : *12, 2*2, A-Z12, 2A6, 2B10 (2B10 bianca). - Vignetta calcogr. (stemma del Seminario Barbarigo) sul front. - Iniz., testatine xilogr. - Fondo Bidoglio. 650 4$aBibbia. Antico Testamento. Isaia - Traduzioni francesi.$0(OLS)http://semarc/subject/2652 700 1 $aLe Maistre de Sacy, Isaac,$d<1613-1684>.$0(OLS)http://semarc/name/2983 700 1 $aRoulland, Lambert,$c.$0(OLS)http://semarc/name/78684 850 $aSeMil 852 $aSeMil$W1$xVenegono$y1$m2Z I 1 FA$j177170$B177170$CSeMilBibl$Z2$F188410 $8I 941 1 $a2 961 $aLascito: Bidoglio don Maurizio 996 $6245$aIsaie traduit in françois. Avec une explication tirée des SS. Peres & des Auteurs ecclesiastiques$9(OLS)http://semarc/title/324753 996 $6260$aSuivant la copie imprimée à Paris :$bChez Lambert Roulland imprimeur & libraire ord. de la Reyne, rue S. Jacques, en la maison d'Antoine Vitré ...$9(OLS)http://semarc/publisher/53536